Human in 20 different languages - Statistics

General Stats
  • This quiz has been taken 51 times
  • The average score is 14 of 20
Answer Stats
Human Language % Correct
άνθρωπος (o ánthropos) Greek
97%
человек (Chelovek) Russian
95%
Mensch German
92%
Humano Portuguese/Spanish
92%
인간 (Ingan) Korean
85%
Umano Italian
82%
Hominum Latin
82%
انسان (Insan) Persian
82%
Mens Dutch
79%
Humain French
79%
בן אנוש (ben-'adam) Hebrew
79%
Človek Slovak/Slovenian
74%
Insan Azerbaijani/Turkish
54%
Menneske Norwegian
54%
လူ့ (Lhu) Burmese
51%
մարդկային (Mardkayin) Armenian
46%
адам (Adam) Kazakh
46%
Iñuk Inuit
36%
Bílaʼashdlaʼii Navajo
31%
Žmogus Lithuanian
23%
No matching quizzes found
Score Distribution
Percent of People with Each Score
Percentile by Number Answered
Your Score History
You have not taken this quiz